| 000 | 01319cam a2200385 a 4500 | ||
|---|---|---|---|
| 001 | 10482518 | ||
| 003 | OSt | ||
| 005 | 20180116192431.0 | ||
| 008 | 130730s2013 enka 000 0 eng d | ||
| 020 | _a1907896295 | ||
| 020 | _a9781907896293 | ||
| 024 | _a60001820678 | ||
| 035 | _a(OCoLC)ocn855116935 | ||
| 035 | _a(OCoLC)855116935 | ||
| 035 | _a(NNC)10482518 | ||
| 040 |
_aLND _cLND _dOCLCO _dNhCcYBP _dNNC |
||
| 050 | 4 |
_aNA687 _b.B37 2013 |
|
| 082 | 0 | 4 |
_a720.92 _223 |
| 100 | 1 |
_aBarkow, Frank. _98295 |
|
| 245 | 1 | 0 |
_aBarkow Leibinger : _bbricoleur bricolage / _c[Frank Barkow and Brett Steele ; editors Regine Leibinger and Nicole Nuñez]. |
| 260 |
_aLondon : _bArchitectural Association Publications, _cc2013. |
||
| 300 |
_a219 p. : _bchiefly ill. (some col.) ; _c30 cm. |
||
| 500 | _aCover title. | ||
| 610 | 2 | 0 |
_aBarkow Leibinger Architekten. _98291 |
| 650 | 0 |
_aArchitecture, Modern _y21st century _vDesigns and plans. _98296 |
|
| 650 | 0 |
_aCurtain walls _xDesign and construction. _98297 |
|
| 650 | 0 |
_aSmart materials in architecture. _98298 |
|
| 650 | 0 |
_aTall buildings _xDesign and construction. _98299 |
|
| 700 | 1 |
_aSteele, Brett. _98292 |
|
| 700 | 1 |
_aLeibinger, Regine, _d1963- _98293 |
|
| 700 | 1 |
_aNuñez, Nicole. _98294 |
|
| 942 |
_2ddc _cBK |
||
| 948 | 1 |
_a20131009 _bc _crhg9 _dOSMC |
|
| 999 |
_c354127 _d354127 |
||